00539nam a2200181 i 450000100060000000300090000600500170001500700030003200800410003510000200007624500510009626000610014730000350020849000320024365000290027583000320030485200210033636176ES-MaACL20230906155323.0t|030217s1911 fr ||||1| fre d1 aBricard, Raoul.10aGéometrie descriptive / cpar Raoul Bricard. aParis : bOctave Doin et Fils, c1911 (eTours : fMame) aXII, 269 p. : bil. ; c18 cm.1 aEncyclopédie scientifique 4aGeometría descriptiva.0 aEncyclopédie scientifique aES-MaACLjD-4356